| 000 | 00574pab a2200181 454500 | ||
|---|---|---|---|
| 008 | 180718b2005 xxu||||| |||| 00| 0 eng d | ||
| 100 | _aSrinivasan, Aravindan | ||
| 245 | _aDiffusion of information and communication technologies in India: a case for e-governance | ||
| 260 | _c2005 | ||
| 300 | _ap.199-220. | ||
| 362 | _aJul-Dec | ||
| 650 | _aCommunication technology - India | ||
| 650 | _aInformation technology - India | ||
| 650 | _aElectronic governance - India | ||
| 650 | _aElectronic governance | ||
| 773 | _aReview of Development and Change | ||
| 909 | _a68675 | ||
| 999 |
_c68675 _d68675 |
||